Wrecking Ball by Miley Cyrus - Statistics

General Stats
  • This quiz has been taken 814 times
  • The average score is 40 of 49
Answer Stats
Hint Answer % Correct
We jumped never asking ___ why
97%
I came in like a _____ ball wrecking
96%
Don't you ever say I just ____ away walked
95%
All I wanted was to _____ your walls break
94%
I will always ____ you want
94%
I will always ___ you want
94%
We clawed, we chained our ____ in vain hearts
93%
I never hit so hard in ____ love
93%
I can't live a lie, ______ for my life running
93%
We kissed, I fell under your ____. spell
93%
All you ever did was ____ me wreck
92%
Yeah, you, you ____ me wreck
91%
Don't you ever ___ I just walked away say
90%
I put you high up in the ___ sky
90%
And now, you're not coming ___ down
89%
I can't live a lie, running for my ____ life
89%
I came in ___ a wrecking ball like
89%
I never hit so ____ in love hard
88%
I will always ____ you want
88%
I will always ____ you want
88%
I came in like a ______ ____ wrecking ball
88%
All I wanted was to break your ____ walls
87%
All you ever did was ____ me wreck
87%
A ___ no one could deny love
85%
Yeah, you, you wreck __ me
83%
All you ever did was ____ me wreck
83%
I just wanted you to let me __ in
82%
I never meant to start a ___ war
82%
I just wanted you to let me __ in
81%
Don't you ever say I just ____ away walked
80%
I will always ____ you want
80%
I never meant to start a ___ war
80%
I came in like a _____ ball wrecking
80%
It slowly turned, you let me ____ burn
79%
I never hit __ ____ in love so hard
79%
All I ______ was to break your walls wanted
79%
All you ever did was _____ __ wreck me
79%
I came in ____ _ ______ ___ like a wrecking ball
76%
All you ever did was _____ me wreck
76%
Yeah, you, you ____ me wreck
76%
Yeah, you, you ____ me wreck
76%
And instead of using ____ force
67%
Left me crashing in a _____ fall blazing
66%
And now, we're _____ on the ground ashes
65%
Left me ______ in a blazing fall crashing
64%
I guess I should've let you ___ win
62%
I guess I should've let you ___ win
62%
Yeah, I just closed my eyes and _____ swung
52%
Yeah, I just closed my eyes and ____ swung
49%
No matching quizzes found
Score Distribution
Percent of People with Each Score
Percentile by Number Answered
Your Score History
You have not taken this quiz